000 00795nam a22002535i 4500
001 2676
005 20240109144349.0
020 _a9781338347234 (hc)
040 _aDLC
_beng
_erda
_cDLC
050 _aPZ7.P63123
082 _a813.6
100 1 _aPilkey, Dav
245 1 0 _aCaptain Underpants and the revolting revenge of the radioactive robo-boxers /
_cDav Pilkey
250 _aThis edition published 2014
260 _aLondon :
_bScholastic,
_c2013
300 _a221 pages ;
_billustrations ;
_c20 cm
490 0 _aCaptain Underpants ;
_vBook 10
505 _aS
520 _aGeorge and Harold are forced to contemplate a world without Captain Underpants.
521 _a890
_bLexile
521 _aS
_bRaz-Plus
906 _a0
_bibc
_corignew
_d2
_eepcn
_f20
_gy-gencatlg
942 _2ddc
_cBK
_n0
999 _c2676
_d2676